Welcome to CU Library Online Public Access Catalogue (OPAC)

Homosexuality in the church : (Record no. 7421)

MARC details
000 -LEADER
fixed length control field 00664pam a2200205 a 4500
001 - CONTROL NUMBER
control field 3959120
005 - DATE AND TIME OF LATEST TRANSACTION
control field 20250901151106.0
008 - FIXED-LENGTH DATA ELEMENTS--GENERAL INFORMATION
fixed length control field 940218s1994 kyu b 000 0 eng
020 ## - INTERNATIONAL STANDARD BOOK NUMBER
International Standard Book Number 0664255450
Qualifying information alk. paper
020 ## - INTERNATIONAL STANDARD BOOK NUMBER
International Standard Book Number 9780664255459
Qualifying information (alk. paper)
050 00 - LIBRARY OF CONGRESS CALL NUMBER
Classification number BR115.H6
Item number H67 1994
082 00 - DEWEY DECIMAL CLASSIFICATION NUMBER
Classification number 261.8/35766
Edition information 20
245 00 - TITLE STATEMENT
Title Homosexuality in the church :
Remainder of title both sides of the debate /
Statement of responsibility, etc. Jeffrey S. Siker, editor.
250 ## - EDITION STATEMENT
Edition statement 1st ed.
260 ## - PUBLICATION, DISTRIBUTION, ETC.
Place of publication, distribution, etc. Louisville, Ky. :
Name of publisher, distributor, etc. Westminster/J. Knox Press,
Date of publication, distribution, etc. c1994.
300 ## - PHYSICAL DESCRIPTION
Extent xvii, 211 p. ;
Dimensions 23 cm.
650 #0 - SUBJECT ADDED ENTRY--TOPICAL TERM
Topical term or geographic name entry element Homosexuality
General subdivision Religious aspects
-- Christianity.
700 1# - ADDED ENTRY--PERSONAL NAME
Personal name Siker, Jeffrey S.
942 ## - ADDED ENTRY ELEMENTS (KOHA)
Source of classification or shelving scheme Library of Congress Classification
Koha item type Books
Suppress in OPAC No
999 ## -
-- 7421
-- 7421
Holdings
Withdrawn status Lost status Source of classification or shelving scheme Damaged status Not for loan Collection Home library Current library Shelving location Date acquired Total checkouts Full call number Barcode Date last seen Copy number Price effective from Koha item type
    Library of Congress Classification     Non-fiction Undergraduate Library (Christ Temple) Undergraduate Library (Christ Temple) General stacks 09/01/2025   BR115.H6 HOM ulct00004564 09/01/2025 1 09/01/2025 Books
    Library of Congress Classification     Non-fiction Undergraduate Library (Christ Temple) Undergraduate Library (Christ Temple) General stacks 09/01/2025   BR115.H6 HOM ulct00004565 09/01/2025 2 09/01/2025 Books
© 2023-2024 Copyright: Central University Libraries. All Rights Reserved | Created by: Mahone Tech Office